01214nam a2200313 a 4500001001000000003000900010005001700019007000300036008004100039020001500080040002500095082002200120100003200142240004400174245008600218260003300304300002700337534005400364590007600418650003100494650003500525700003100560700003500591910000700626942001400633952011600647952012200763999001500885000003601DO-SdBNP20220906111929.0ta941001s1972 sp a 000 f spa d a842860066X aDO-SdBNPbspacBNPHU 4a813.54bB118j2221 aBach, Richard,d1936-9322514aJonathan Livingston Seagull.lEspañol10aJuan Salvador Gaviota /cRichard Bach ; traducción de Carol y Frederick Howell. aBarcelona :bPomaire,c1972. a93 p. :bil. ;c22 cm. aTítulo original :tJonathan Livingston Seagull. aPerteneció a la biblioteca personal de Juan Isidro Jimenes Grullón. 4aNovela estadounidense9262 4aLiteratura estadounidense92631 aHowell, Carol,etr.9110861 aHowell, Frederick,etr.911087 aDG 2ddccLBS1 00102ddc56708GRaBNPHUbBNPHUcHDd2009-07-11oBNPHU GR 813.54 B118jp3601-10r2020-06-25w2020-06-25yLBS1 00102ddc56708GRaBNPHUbBNPHUcHDd2010-08-19oBNPHU GR 813.54 B118jp3601-20r2020-06-25te. 2w2020-06-25yLBS1 c3425d3425